Most Popular Songs in USA 12/20/2025 - Statistics

General Stats
  • This quiz has been taken 14 times
  • The average score is 6 of 15
Answer Stats
Rank Artist (Version) Answer % Correct
1. Mariah Carey All I Want For Christmas Is You
86%
3. Wham! Last Christmas
79%
6. HUNTR/X Golden
50%
12. Alex Warren Ordinary
50%
2. Brenda Lee Rockin' Around The Christmas Tree
50%
5. Ariana Grande Santa Tell Me
43%
7. Taylor Swift The Fate Of Ophelia
43%
9. Kelly Clarkson Underneath The Tree
43%
13. Michael Buble It's Beginnning To Look A Lot Like Christmas
29%
4. Bobby Helms Jingle Bell Rock
29%
14. The Ronettes Sleigh Ride
21%
8. Nat "King" Cole The Christmas Song (Merry Christmas To You)
21%
15. Burl Ives A Holly Jolly Christmas
14%
11. Dean Martin Let It Snow! Let It Snow! Let It Snow!
14%
10. Andy Williams It's The Most Wonderful Time Of The Year
7%
No matching quizzes found
Score Distribution
Percent of People with Each Score
Percentile by Number Answered
Your Score History
You have not taken this quiz